000 00373nam a2200133Ia 4500
003 GCL
008 140319s9999 xx 000 0 ara d
040 _aGCL /
_cGCL
082 0 4 _a818.83
_bم ح
245 1 0 _aحديث عند قصر النيل
260 _a[S.N] :
_bدار الحرية للصحافة والطباعة والنشر ،
_c1978
300 _a250 ص
490 _a
999 _c53452
_d53452